000 00831nas a2200277 4500
001 BR2015007269
003 BR-BrBNA
005 20231205130007.0
007 ta
008 230509b bl.|||p| |||| 00| 00por d
040 _aBR-BrBNA
_bpor
_cBiblioteca Nacional de Agricultura
041 _a(En)
072 _aF03
100 1 _aPrataviera, J.S.
100 1 _aLamarca, E.V.
100 1 _aTeixeira, C.C.
100 1 _aBarbedo, C.J.
245 1 _aThe germination success of the cut seed of Eugenia pyriformis depends on their size and origin
650 _aMYRTACEAE
650 _aSEMENTE
650 _aGERMINAÇÃO
650 _aPLÂNTULA
773 0 _tJournal of Seed Science (Brazil)
_xISSN 2317-1537
_g(Mar 2015), v. 37(1) p. 47-54
_wBR2015007269
909 _a202311
_bLúcia
_c55
_dLúcia Elande
942 _2AGRIS
_n0
_cANA
999 _c247325
_d247325